000
00245nam a22000977a 4500
040
_c
SK
082
_a
634
100
_a
VON MONIN; វន មនិន្ទ
245
_a
Forest management; ការរៀបចំព្រៃឈើ
942
_c
AEDBB
999
_c
8838
_d
8838